Томский политехнический: категория "национальный исследовательский университет ресурсоэффективных технологий" как новая точка отсчета; Вестник актуальных прогнозов. Россия: третье тысячелетие; № 21

Библиографические подробности
Источник:Вестник актуальных прогнозов. Россия: третье тысячелетие: приложение к журналу "Родина".— , 2000-
№ 21.— 2009.— [С. 54-55]
Главный автор: Чубик П. С. Петр Савельевич
Примечания:Заглавие с экрана
Режим доступа: по договору с организацией-держателем ресурса
Язык:русский
Опубликовано: 2009
Предметы:
Online-ссылка:http://elibrary.ru/item.asp?id=17766794
Формат: MixedMaterials Электронный ресурс Статья
Запись в KOHA:https://koha.lib.tpu.ru/cgi-bin/koha/opac-detail.pl?biblionumber=637719

MARC

LEADER 00000naa0a2200000 4500
001 637719
005 20250122161412.0
035 |a (RuTPU)RU\TPU\network\1887 
035 |a RU\TPU\network\1865 
090 |a 637719 
100 |a 20141013d2009 k||y0rusy50 ca 
101 0 |a rus 
102 |a RU 
135 |a drcn ---uucaa 
181 0 |a i  
182 0 |a b 
200 1 |a Томский политехнический: категория "национальный исследовательский университет ресурсоэффективных технологий" как новая точка отсчета  |f П. С. Чубик 
203 |a Текст  |c электронный 
300 |a Заглавие с экрана 
333 |a Режим доступа: по договору с организацией-держателем ресурса 
461 |t Вестник актуальных прогнозов. Россия: третье тысячелетие  |o приложение к журналу "Родина"  |d 2000- 
463 |t № 21  |v [С. 54-55]  |d 2009 
610 1 |a труды учёных ТПУ 
610 1 |a электронный ресурс 
700 1 |a Чубик  |b П. С.  |c российский геолог  |c профессор, ректор Томского политехнического университета (с 2008 г.)  |f 1954-  |g Петр Савельевич  |3 (RuTPU)RU\TPU\pers\24546 
801 2 |a RU  |b 63413507  |c 20141111  |g RCR 
856 4 0 |u http://elibrary.ru/item.asp?id=17766794 
942 |c CF